| 000 | 02392cam a2200325 ia4500 | ||
|---|---|---|---|
| 003 | SA-RiAUC | ||
| 005 | 20250308131505.0 | ||
| 008 | 250308s1996 mr f b f00000 ara c | ||
| 024 | 0 | _a00000000984839 | |
| 040 |
_aSA-RiAUC _bara _cSA-RiAUC _dAE-DuMBRL _erda |
||
| 050 | 4 | _bB56 1996 | |
| 082 | 0 | 4 |
_a214.33391 _qSA-RiAUC |
| 090 |
_a214.33391 _b ب ن ع |
||
| 100 | 1 |
_aبنعبد الله، محمد بن عبد العزيز، _d1934-2009 _eمؤلف. |
|
| 245 | 1 | 2 |
_aالماء في الفكر الإسلامي والأدب العربي / _cتأليف الأستاذ محمد بن عبد العزيز بن عبد الله. |
| 264 | 1 |
_aالرباط : _bوزارة الأوقاف والشؤون الإسلامية، _c1996. |
|
| 300 |
_a4 مجلد ؛ _c24 × 17 سم |
||
| 336 |
_aنص _btxt _2rdacontent _3كتاب |
||
| 337 |
_aبدون وسيط _bn _2rdamedia |
||
| 338 |
_aمجلد _bnc _2rdacarrier |
||
| 500 | _aطبع بأمر من صاحب الجلالة أمير المؤمنين الحسن الثاني نصره الله. | ||
| 504 | _aيشتمل على إرجاعات ببليوجرافية. | ||
| 505 | 0 | _aالمحتويات:-الباب الثامن: الماء والمدينة والحضارة، الفصل الأول: الحضارات الإنسانية، ترعرعت على ضفاف المجاري المائية، الفصل الثاني: الماء.. الحرب، الفصل الثالث: إشكالية الماء اليوم.. والمستقبل-الباب التاسع: هل الماء غذاء ؟ ، الفصل الأول: الحاجة إلى الماء.. والحاجة إلى الغذاء، الفصل الثاني: استطابة الماء البارد واستعذابه-الباب العاشر: السحاب، الفصل الأول: السحاب في الأدب العربي، الفصل الثاني: الدورة المائية-الباب الحادي عشر: أستسقاء المطر، الفصل الأول: استنزال المطر عند مختلف الشعوب قديما، ... وموضوعات أخرى. | |
| 590 | _aحميد. | ||
| 650 | 7 |
_aالإسلام والمياه _2aucsh |
|
| 650 | 7 |
_aالمياه في الأدب العربي _2aucsh |
|
| 942 |
_2ddc _cBOOK _n0 |
||
| 949 |
_aSA-JeALM _d250308 _ueid123 _n1 |
||
| 999 |
_c6309 _d6309 |
||